000 00399cam a2200157ua 4500
041 _aeng
_h
082 _a621.4021
_bZEM/HE
100 _aZemensky, Mark W .
245 _aHeat and thermodynamics /
_cMark W Zemensky.
_hTextual Documents
250 _a4 /
_b.
260 _aNew York :
_bMcGraw Hill Book Company ,
_c1957.
300 _a484 ; .
504 _a
942 _cBK
999 _c8821
_d8821